Sociología de la Medicina / (Record no. 45180)

MARC details
000 -LEADER
campo de control de longitud fija 00623nam a2200193 i 4500
001 - NÚMERO DE CONTROL
campo de control 45180
003 - IDENTIFICADOR DE NÚMERO DE CONTROL
campo de control ES-MaACL
005 - FECHA Y HORA DE LA ÚLTIMA TRANSACCIÓN
campo de control 20250821111319.0
007 - CAMPO FIJO DE DESCRIPCIÓN FÍSICA--INFORMACIÓN GENERAL
campo de control de longitud fija t|
008 - DATOS DE LONGITUD FIJA--INFORMACIÓN GENERAL
campo de control de longitud fija 030325s1973 sp ||||1| spa d
100 1# - ENTRADA PRINCIPAL--NOMBRE DE PERSONA
Nombre de persona Coe, Rodney M.
9 (RLIN) 39450
245 10 - MENCIÓN DEL TÍTULO
Título Sociología de la Medicina /
Mención de responsabilidad, etc. Rodney M. Coe ; versión Luis García Ballester y R. María Martínez Silvestre.
260 ## - PUBLICACIÓN, DISTRIBUCIÓN, ETC.
Lugar de publicación, distribución, etc. [Madrid] :
Nombre del editor, distribuidor, etc. Alianza,
Fecha de publicación, distribución, etc. [1973]
300 ## - DESCRIPCIÓN FÍSICA
Extensión 439 p. ;
Dimensiones 20 cm.
700 1# - ENTRADA AGREGADA--NOMBRE PERSONAL
Nombre de persona García Ballester, Luis,
Fechas asociadas al nombre 1936-2000
9 (RLIN) 54214
700 0# - ENTRADA AGREGADA--NOMBRE PERSONAL
Nombre de persona Martínez Silvestre, Rosa.
9 (RLIN) 78434
852 ## - LOCALIZACIÓN
Ubicación ES-MaACL
Número de control de estantería C-53655
Sublocalización o colección R.86915
Holdings
Estatus retirado Estado de pérdida Estado de daño No para préstamo Biblioteca de origen Biblioteca actual Ubicación en estantería Fecha de adquisición Fuente de adquisición Total de préstamos Signatura topográfica completa Código de barras Visto por última vez Precio de reemplazo Tipo de ítem Koha
        Biblioteca del Ateneo de Madrid Biblioteca del Ateneo de Madrid Depósito 2 17/01/2008     C-53655 1047545 23/02/2023 23/02/2023 Libro impreso